| 000 | 00506 a2200181 4500 | ||
|---|---|---|---|
| 003 | OSt | ||
| 005 | 20260305131807.0 | ||
| 008 | 260305b |||||||| |||| 00| 0 eng d | ||
| 020 | _a9789364871624 | ||
| 040 | _coclc | ||
| 082 |
_a894.8123 _bIND/A |
||
| 100 |
_aIndugopan, G R _98021 |
||
| 245 |
_aAMBILYMOL THIRODHANAM / _cG R Indugopan |
||
| 250 | _a7th ed. | ||
| 260 |
_aKottayam: _bDC Books, _c2026 |
||
| 300 | _a112 pages | ||
| 942 |
_2ddc _cBK _h894.8123 _iIND/A _k894.8123 _mIND/A |
||
| 999 |
_c44618 _d44618 |
||